Interakcia zvukových a ultrazvukových vĺn s drevom : Dokt.diz.práca : V.odb. 26-09-9 : Obh. 25.06.1989 /

Saved in:
Bibliographic Details
Main Author: Marčok, Milan (Author)
Format: Manuscript Book
Published: Zvolen : VŠLD, 1988
Subjects:
Tags: Add Tag
No Tags, Be the first to tag this record!

MARC

LEADER 00000ntm a22000003a 4500
001 stu4365
005 20150617225813.6
008 ------s1988----------------------------d
040 |a STU  |b slo 
041 0
100 1 |a Marčok, Milan  |4 aut 
245 1 |a Interakcia zvukových a ultrazvukových vĺn s drevom :  |b Dokt.diz.práca : V.odb. 26-09-9 : Obh. 25.06.1989 /  |c [aut.] Marčok,Milan, Doc.RNDr.CSc 
260 |a Zvolen :  |b VŠLD,  |c 1988 
300 |a 221 s :  |b príl 
650 7 |a akustika  |2 stusub 
650 7 |a elektrokaustika  |2 stusub 
650 7 |a stochastická akustika  |2 stusub 
996 |b 284ED00510  |c E*DDIZ-590  |l EE01  |s A  |a 24  |w stu4365_0001